01869nam a22003017a 4500003001000000005001700010008004100027015001200068020002200080040003400102080002100136100004800157245012500205250001100330260003700341300003200378490005600410504003200466520072800498650003001226655002601256655003301282655002801315700005501343942001501398999001301413952014101426AR-RoUNCS20260226083108.0260226s2008 ag a br 001 f spa  aAR-2008 a978-950-13-2334-4 aAR-BaBNbspacAR-RoUNCSeaacr1 a82-32(410)220161 aStevenson, Robert Louis, d1850-1894eautor13aEl extraño caso del doctor Jekyll y el señor Hyde /cRobert L. Stevenson ; estudio preliminar, Javier Escobar Isaza. a1a ed. aBuenos Aires :bKapelusz,c2008. a176 p. :bil. byn ;c20 cm. aGOLU. Grandes Obras de la Literatura Universal ;v4 aBibliografía: pág. 173.3 aLondres, a fines del S. XIX, es una ciudad moderna: suntuosos edificios, calles iluminadas por faroles de gas, elegantes carruajes y peatones refinados... Sin embargo, en medio de tanto esplendor, empiezan a surgir los indicios de una amenaza, a través de los crímenes de un tal señor hyde. A lo largo de un relato que mantiene en vilo al lector, Stevenson va desplegando poco a poco las claves del siniestro personaje, hasta llegar al mayor de todos los misterios: su extraña relación con el doctor Jekyll, un ciudadano ejemplar. Desde el momento de su publicación, esta novela se ha consagrado como una obra maestra del suspenso y con una fascinante indagación del alma humana. c(Descripción del editor). 72embneaLitaratura inglesa 7aNovelas cortas2embne 7aNovelas fantásticas2embne 7aLibros juveniles2embne1 aEscobar Isaza, Javiereautor de estudio preliminar 2udccOGn0 c921d921 00102udc40708CGaESOCIALESbESOCIALESd2026-02-26eDonación 2023l0o82-32(410) ST847p000433r2026-02-26 08:31:44w2026-02-26yOG